Music Quiz

Random Music Quiz
Score 0/20 Timer 10:00
0 Plays Today
Hint Answer % Correct
Robin Thickeblind
73.7%
Icona Popcare
68.4%
P!nkwilling
63.2%
Coldplaywant
63.2%
Anna Kendrickmountains
57.9%
B.o.B. airplanes
57.9%
Drakemark
52.6%
Justin Timberlakedress
52.6%
Rihannamove
47.4%
Taylor Swiftconfused
42.1%
Hint Answer % Correct
Jay Z/Justin Timberlakescreaming
36.8%
Ke$haparty
36.8%
Imagine Dragonssystems
31.6%
Miley Cyrusrules
31.6%
David Guettagirls
31.6%
Paramorebutterflies
26.3%
Lil Waynelove
26.3%
Macklemorehateful
21.1%
2 Chainzceiling
15.8%
Drakefeelings
15.8%

You're not logged in!

Compare scores with friends on all Sporcle quizzes.
OR
Log In

Sporcle TV

Today on Sporcle TV


Watch our educational content, quiz creation guides, and fun videos on Sporcle TV.

Show Comments

Extras

Created Oct 15, 2013ReportNominate

Top Quizzes Today


Score Distribution

Paid Content

Your Account Isn't Verified!

In order to create a playlist on Sporcle, you need to verify the email address you used during registration. Go to your Sporcle Settings to finish the process.

Report this User

Report this user for behavior that violates our Community Guidelines.

Details: